Normal view
MARC view
Entry Personal Name
001 - CONTROL NUMBER
- control field: 43925
003 - CONTROL NUMBER IDENTIFIER
- control field: ARRUPE
005 - DATE AND TIME OF LATEST TRANSACTION
- control field: 20190109145704.0
008 - FIXED-LENGTH DATA ELEMENTS
- fixed length control field: 190109|| aca||aabn | a|a d
040 ## - CATALOGING SOURCE
- Original cataloging agency: ARRUPE
- Transcribing agency: ARRUPE
100 ## - HEADING--PERSONAL NAME
- Personal name: Rule, Margaret,
- Titles and other words associated with a name: F.S.A.
670 ## - SOURCE DATA FOUND
- Source citation: Work cat.: (ARRUPE)0: Rule, Margaret, F.S.A., The Mary Rose :, 1983, c1982.